000 01227cab a22002055a 4500
001 L153434
008 110726e20110715xxk 000 0 eng d
035 _a(Sirsi) u153434
041 0 _aeng
100 1 _aHatcher, David
245 0 0 _aMarkets
_btrade counters, self-storage and roadside
260 _c2011
490 0 _aProperty Week
_v77(28) 15 July 2011, 53-62(6)
520 _aLatest Self Storage Association /Drivers Jonas Deloitte annual survey shows the sector to be resilient and displaying a slight market upswing. Sturgard Europe is to revamp six of its UK self-storage outlets at the end of 2011. Big Yellow cautious about its expansion in the UK self-storage market. Roadside agency Barber Wadlow reports a spike in car dealership requirements in Q1 2011 to 44 dealerships. Trade-focused retailer Screwfix is to open 20 new stores before the end of the year. CBRE Investors intends to spend a substantial amount of its £200m industrial property investment allocation on trade counters.
590 _aKA
651 4 _aUnited Kingdom
_y
690 _aPROPERTY-COMMERCIAL PROPERTY-COMMERCIAL PROPERTY MARKET
690 _aPROPERTY-COMMERCIAL PROPERTY-COMMERCIAL PROPERTY FINANCE AND INVESTMENT
942 _n0
999 _c83288
_d83288